Normal view
MARC view
- INFRARED DETECTORS-MATERIALS INFRARED EQUIPMENT-MATERIALS.INFRARED EMITTERS
Entry Topical Term
001 - CONTROL NUMBER
- control field: 64975
003 - CONTROL NUMBER IDENTIFIER
- control field: NUST
005 - DATE AND TIME OF LATEST TRANSACTION
- control field: 20210628203347.0
008 - FIXED-LENGTH DATA ELEMENTS
- fixed length control field: 210628|| aca||aabn | a|a d
040 ## - CATALOGING SOURCE
- Original cataloging agency: NUST
- Transcribing agency: NUST
150 ## - HEADING--TOPICAL TERM
- Topical term or geographic name entry element: INFRARED DETECTORS-MATERIALS INFRARED EQUIPMENT-MATERIALS.INFRARED EMITTERS
670 ## - SOURCE DATA FOUND
- Source citation: Work cat.: (NUST): Capper, Peter, Elliott, C.T 64974, Infrared detectors and emitters, materials and devices, 2001
